Дело о высылке за границу французской подданной Диедонне (Diedonne), подозревавшейся в шпионаже

Доступно только в Электронных читальных залах Найти на картеНа карте
RUSMARC
00003636nmc2a22002533x 450
0014f8056ab-5318-431e-8bcd-1a061b5ceb7f
00520200630011533.0
100##$a20200204l18061807k l0rusy0189 ca
1010#$arus
102##$aRU
105##$ay###
1222#$ad
2001#$aДело о высылке за границу французской подданной Диедонне (Diedonne), подозревавшейся в шпионаже
$j5 декабря 1806 г. - 4 апреля 1807 г.
215##$a26 л.
$d36,5х26 см
251##$cДело
300##$aНа бланке обложки указано: "Архив третьего отделения Собственной его императорского величества канцелярии"
371##$aДокумент не является опубликованным и широко распространяемым
461#0$1001RuPRLIB520125048
$12001
$aДепартамент полиции исполнительной МВД (1811-1880)
$1251
$cФонд
$1852
$j1286
462#0$10010e2ac4d2-7339-467d-bb7f-051c6ad9e141
$12001
$a1802-1811 гг.
$1251
$cОпись
$1852
$j54
801#0$aRU
$bРГИА
$c20200204
$gRCR
801#1$aRU
$bГлавНИВЦ
$c20200204
$2rusmarc
801#2$aRU
$bПБ им. Б.Н. Ельцина
$c20200630
$gRCR
$2rusmarc
850##$aРГИА
852##$aРГИА
$eФедеральное казенное учреждение "Российский государственный исторический архив" (РГИА)
$j49
937##$hРГИА
$d12338181
$aASBIBLIO_SCAN
035##$aRuPRLIB12147726
856##$uhttp://readingroom.main.prlib.ru/item.aspx?id_node=n145925902&mode=full
Формат отображения